书目信息 |
| 题名: |
Rhino产品建模及首饰案例解析
|
|
| 作者: | 张贤富 , 胡玉平 , 贠禄 主编 | |
| 分册: | ||
| 出版信息: | 合肥 合肥工业大学出版社 2024.07 |
|
| 页数: | 193页 | |
| 开本: | 29cm | |
| 丛书名: | 高等院校“十四五”应用型艺术设计教育系列规划教材 | |
| 单 册: | ||
| 中图分类: | TB472-39 , TS934.3-39 | |
| 科图分类: | ||
| 主题词: | 产品设计--chan pin she ji--计算机辅助设计--应用软件--高等学校--教材 , 首饰--shou shi--计算机辅助设计--应用软件--高等学校--教材 | |
| 电子资源: | ||
| ISBN: | 978-7-5650-6857-7 | |
| 000 | 01369nam 2200301 450 | |
| 001 | 89110 | |
| 005 | 20250814070508.51 | |
| 010 | @a978-7-5650-6857-7@dCNY68.00 | |
| 100 | @a20241112d2024 em y0chiy50 ea | |
| 101 | 0 | @achi |
| 102 | @aCN@b340000 | |
| 105 | @aa z 000yy | |
| 106 | @ar | |
| 200 | 1 | @aRhino产品建模及首饰案例解析@ARhino chan pin jian mo ji shou shi an li jie xi@f主编张贤富, 胡玉平, 贠禄 |
| 210 | @a合肥@c合肥工业大学出版社@d2024.07 | |
| 215 | @a193页@c彩图@d29cm | |
| 225 | 2 | @a高等院校“十四五”应用型艺术设计教育系列规划教材@Agao deng yuan xiao “ shi si wu ” ying yong xing yi shu she ji jiao yu xi lie gui hua jiao cai |
| 330 | @a本书共11章, 内容包括: 初识Rhino 8.0, Rhino 8.0工作界面设置, 基础命令与基本操作, 线的生成、编辑与优化, 面的生成与编辑, 体的创建与编辑, 产品综合实例level 1, 产品综合实例level 2, 首饰综合实例level 1, 首饰综合实例level 2, Keyshot渲染。 | |
| 410 | 0 | @12001 @a高等院校“十四五”应用型艺术设计教育系列规划教材 |
| 606 | 0 | @a产品设计@Achan pin she ji@x计算机辅助设计@x应用软件@x高等学校@j教材 |
| 606 | 0 | @a首饰@Ashou shi@x计算机辅助设计@x应用软件@x高等学校@j教材 |
| 690 | @aTB472-39@v5 | |
| 690 | @aTS934.3-39@v5 | |
| 701 | 0 | @a张贤富@Azhang xian fu@4主编 |
| 701 | 0 | @a胡玉平@Ahu yu ping@4主编 |
| 701 | 0 | @a贠禄@Ayun lu@4主编 |
| 801 | 0 | @aCN@c20250909 |
| 905 | @a河南城建学院图书馆@dTB472-39@eZ210@f1 | |
| Rhino产品建模及首饰案例解析/主编张贤富, 胡玉平, 贠禄.-合肥:合肥工业大学出版社,2024.07 |
| 193页:彩图;29cm.-(高等院校“十四五”应用型艺术设计教育系列规划教材) |
| ISBN 978-7-5650-6857-7:CNY68.00 |
| 本书共11章, 内容包括: 初识Rhino 8.0, Rhino 8.0工作界面设置, 基础命令与基本操作, 线的生成、编辑与优化, 面的生成与编辑, 体的创建与编辑, 产品综合实例level 1, 产品综合实例level 2, 首饰综合实例level 1, 首饰综合实例level 2, Keyshot渲染。 |
| ● |
| 相关链接 |
|
|
|
正题名:Rhino产品建模及首饰案例解析
索取号:TB472-39/Z210
 
预约/预借
| 序号 | 登录号 | 条形码 | 馆藏地/架位号 | 状态 | 备注 |
| 1 | 1623072 | 216230727 | 自科库501/501自科库 17排2列2层/ [索取号:TB472-39/Z210] | 在馆 |